Financial accounting : (Record no. 36194)

MARC details
000 -LEADER
fixed length control field 00782nam a22002177a 4500
005 - DATE AND TIME OF LATEST TRANSACTION
control field 20100417113033.0
008 - FIXED-LENGTH DATA ELEMENTS--GENERAL INFORMATION
fixed length control field 100518t xxu||||| |||| 00| 0 eng d
010 ## - LCCN (DPL NO)
LC control number ENG-96099
020 ## - INTERNATIONAL STANDARD BOOK NUMBER
International Standard Book Number 9788120339507
Terms of availability 495.00
035 ## - SYSTEM CONTROL NUMBER
System control number EN-79632
037 ## - SOURCE OF ACQUISITION
Source of stock number/acquisition DBAD/PUB
040 ## - CATALOGING SOURCE
Original cataloging agency DPL
100 ## - MAIN ENTRY--PERSONAL NAME
Personal name Banerjee, Birendra Krishna
245 ## - TITLE STATEMENT
Title Financial accounting :
Statement of responsibility, etc by Birendra Krishna Banerjee
Remainder of title concepts, analyses, methods and uses /
260 ## - PUBLICATION, DISTRIBUTION, ETC. (IMPRINT)
Place of publication, distribution, etc New Delhi
Name of publisher, distributor, etc PHI Learning
Date of publication, distribution, etc 2010
270 ## - ADDRESS
Address M-97,Connaught Circus
City New Delhi
Postal code 110001
300 ## - PHYSICAL DESCRIPTION
Extent xv , 1242p.;
Dimensions 22cm. (Pbk)
500 ## - GENERAL NOTE
General note Includes index
942 ## - ADDED ENTRY ELEMENTS (KOHA)
Source of classification or shelving scheme Dewey Decimal Classification
Item type English Books
Call number suffix BAN
Holdings
Withdrawn status Lost status Source of classification or shelving scheme Materials specified (bound volume or other part) Damaged status Not for loan Collection code Home library Current library Date acquired Source of acquisition Cost, normal purchase price Total Checkouts Full call number Barcode Date last seen Copy number Cost, replacement price Koha item type
    Dewey Decimal Classification Pbk   Not For Loan Non-fiction D.B.Act.Division D.B.Act.Division 05/04/2010 DBAD / PUB 495.00   BAN EN-79632 18/05/2010 1 495.00 English Books

© Delhi Public Library
Hit Counter
free hit counter